000
00335nam a2200133Ia 4500
008
240624s9999 xx 000 0 und d
041
_a
eng
082
_a
828 NOR
100
_a
NORBU JAMYANG
245
_a
MANDALA OF SHERLOCK HOLMES
260
_c
2011
_a
New Delhi
_b
Harper Collins
300
_a
xxv, : 287. : cm. ; 22
365
_c
RS
_b
25
999
_c
18611
_d
18611